000 00581nam a2200193Ia 4500
003 GCL
008 140319s9999 xx 000 0 ara d
040 _aGCL /
_cGCL
082 0 4 _a301.242
_bغ م
100 1 _aغالى شكرى
245 1 0 _aمن الحق الالهى الى العقد الاجتماعى /
_cغالى شكرى
300 _a187 ص
490 _aالمواجهة
_v0
650 0 4 _aمصر
650 0 4 _aالاحوال الاجتماعية
650 0 4 _aالمرأة فى الحياة العامة
650 0 4 _aرفاعة الطهطاوى
942 _2ddc
_cBK
999 _c39978
_d39978